Statystyki dla Umiejętności dowódców w grze Gwint: Wiedźmińska gra karciana

Kliknij tutaj aby rozwiązać quiz!

Ogólne statystyki

  • Ten quiz został rozwiązany 13 razy
  • Średni wynik to 15 z 42

Statystyki odpowiedzi

HintOdpowiedź% Poprawnych
NilfgaardAreszt
88%
Królestwa PółnocyMobilizacja
75%
SkelligeOjcobójcza furia
75%
PotworyNiepohamowany głód
63%
PotworyBiałe zimno
50%
NilfgaardBlokada
50%
NilfgaardHochsztapler
50%
SyndykatNagroda główna
50%
SkelligeNawałnica ciosów
50%
SyndykatOdliczenie
50%
NilfgaardPrzechera
50%
Królestwa PółnocyŚciana tarcz
50%
PotworySkorupa
50%
SkelligeSzturm
50%
NilfgaardCesarska formacja
38%
Królestwa PółnocyInsurekcja
38%
Królestwa PółnocyManewr okrążający
38%
PotworyMoc natury
38%
Królestwa PółnocyNatchniony zapał
38%
PotworyOwoce Ysgith
38%
Scoia'taelPobudzenie
38%
PotworyRój krabopająków
38%
SkelligeBlask chwały
25%
Scoia'taelDar natury
25%
SkelligeGniew morza
25%
Królestwa PółnocyKrólewska inspiracja
25%
SyndykatKrwawa forsa
25%
SyndykatŁapówka
25%
Scoia'taelMahakamska kuźnia
25%
SkelligeNiedźwiedzi rytuał
25%
SyndykatTajny skład
25%
NilfgaardTaktyczna decyzja
25%
Scoia'taelTaktyka partyzancka
25%
SyndykatZatoka piracka
25%
Scoia'taelZew harmonii
25%
Królestwa PółnocyDodatkowe zasoby
13%
Scoia'taelPrecyzyjne uderzenie
13%
PotworyWoń krwi
13%
SyndykatZgromadzenie
13%
NilfgaardZniewolenie
13%
Scoia'taelCzatowniczka zasadzka
0%
SkelligeTrans bitewny
0%

Rozkład punktacji

Percentyl według liczby udzielonych odpowiedzi

Procent ludzi z każdym wynikiem

Twoja historia wyników

Nie rozwiązałeś tego quizu